000
00210nam a22000857a 4500
008
170128b xxu||||| |||| 00| 0 eng d
100
_9
2625
_a
Gupta.R.G.
245
_a
Mathematics-VI
260
_a
New Delhi
_b
A.B.D.
_c
2011
999
_c
5768
_d
5768